LEADER 03746oas 2201477 a 450 001 9910146010203321 005 20260203110030.0 011 $a1757-1146 035 $a(OCoLC)241580959 035 $a(CONSER) 2009250501 035 $a(CKB)1000000000429450 035 $a(DE-599)ZDB2440706-9 035 $a(MiFhGG)2MOW 035 $a(MiAaPQ)55250 035 $a(EXLCZ)991000000000429450 100 $a20080808a20089999 uy 101 0 $aeng 135 $aur||||||||||| 181 $ctxt$2rdacontent 182 $cc$2rdamedia 183 $acr$2rdacarrier 200 00$aJournal of foot and ankle research 210 $aLondon $cBioMed Central$d2008- 210 31$a[Hoboken, NJ] :$cWiley 300 $aRefereed/Peer-reviewed 531 10$aJ Foot Ankle Res 606 $aPodiatry$vPeriodicals 606 $aOrthopedics$vPeriodicals 606 $aFoot$xSurgery$vPeriodicals 606 $aAnkle$xSurgery$vPeriodicals 606 $aFoot$xDiseases 606 $aFoot Deformities 606 $aFoot Diseases 606 $aFoot Injuries 606 $aAnkle$xsurgery 606 $aFoot$xsurgery 606 $aCheville$xChirurgie$vPe?riodiques 606 $aPodologie$vPe?riodiques 606 $aOrthope?die$vPe?riodiques 606 $aPied$xChirurgie$vPe?riodiques 606 $aPied$xMaladies 606 $aPodiatry$2ebps 606 $aAnkle$2ebps 606 $aFoot$xDiseases$2fast$3(OCoLC)fst00931290 606 $aAnkle$xSurgery$2fast$3(OCoLC)fst00809686 606 $aFoot$xSurgery$2fast$3(OCoLC)fst00931326 606 $aOrthopedics$2fast$3(OCoLC)fst01048565 606 $aPodiatry$2fast$3(OCoLC)fst01067635 606 $aChirurgie (geneeskunde)$2gtt 606 $aVoeten$2gtt 606 $aEnkels$2gtt 608 $aPeriodical. 608 $aFulltext. 608 $aInternet Resources. 608 $aPeriodicals. 608 $aPeriodicals.$2fast 615 0$aPodiatry 615 0$aOrthopedics 615 0$aFoot$xSurgery 615 0$aAnkle$xSurgery 615 0$aFoot$xDiseases. 615 12$aFoot Deformities. 615 22$aFoot Diseases. 615 22$aFoot Injuries. 615 22$aAnkle$xsurgery. 615 22$aFoot$xsurgery. 615 6$aCheville$xChirurgie 615 6$aPodologie 615 6$aOrthope?die 615 6$aPied$xChirurgie 615 6$aPied$xMaladies. 615 7$aPodiatry. 615 7$aAnkle. 615 7$aFoot$xDiseases. 615 7$aAnkle$xSurgery. 615 7$aFoot$xSurgery. 615 7$aOrthopedics. 615 7$aPodiatry. 615 17$aChirurgie (geneeskunde) 615 17$aVoeten. 615 17$aEnkels. 676 $a617.5/84059 686 $a44.83$2bcl 712 02$aSociety of Chiropodists and Podiatrists (Great Britain) 712 02$aAustralasian Podiatry Council 801 0$bNLM 801 1$bGIL 801 2$bGIL 801 2$bNLGGC 801 2$bPFM 801 2$bBUF 801 2$bOCLCQ 801 2$bHEBIS 801 2$bNLM 801 2$bUKMGB 801 2$bOCLCQ 801 2$bOCLCO 801 2$bOCLCF 801 2$bOCLCO 801 2$bEUW 801 2$bOCLCO 801 2$bOCLCQ 801 2$bOCLCO 801 2$bOCLCQ 801 2$bCASUM 801 2$bOCLCO 801 2$bOCLCA 801 2$bWT2 801 2$bOCLCA 801 2$bNLE 801 2$bOCLCA 801 2$bOCLCQ 801 2$bAU@ 801 2$bOCLCA 801 2$bOCLCQ 801 2$bSRU 801 2$bOCLCO 801 2$bOCL 801 2$bOCLCQ 801 2$bNLM 801 2$bOCLCL 801 2$bOCLCQ 906 $aJOURNAL 912 $a9910146010203321 996 $aJournal of foot and ankle research$92286435 997 $aUNINA